المشاركة المجتمعية في التعليم قبل الجامعي في دولة الكويت : (رقم التسجيلة. 180020)

تفاصيل مارك
000 -LEADER
fixed length control field 04326namaa22004211i 4500
003 - CONTROL NUMBER IDENTIFIER
control field OSt
005 - أخر تعامل مع التسجيلة
control field 20260506111654.0
008 - FIXED-LENGTH DATA ELEMENTS--GENERAL INFORMATION
fixed length control field 250827s2025 ua a|||frm||| 000 0 eng d
040 ## - CATALOGING SOURCE
Original cataloguing agency EG-GICUC
Language of cataloging ara
Transcribing agency EG-GICUC
Modifying agency EG-GICUC
Description conventions rda
041 0# - LANGUAGE CODE
Language code of text/sound track or separate title ara
Language code of summary or abstract ara
-- eng
049 ## - Acquisition Source
Acquisition Source إيداع
082 04 - DEWEY DECIMAL CLASSIFICATION NUMBER
Classification number 373.538
092 ## - LOCALLY ASSIGNED DEWEY CALL NUMBER (OCLC)
Classification number 373.538
Edition number 21
097 ## - Degree
Degree دكتـــــوراه‎
099 ## - LOCAL FREE-TEXT CALL NUMBER (OCLC)
Local Call Number Cai01.23.02.Ph.D.2025.من.م
100 0# - MAIN ENTRY--PERSONAL NAME
Authority record control number or standard number ،مناير محمد سعود عبد العزيز المهدي
Preparation إعداد.
245 10 - TITLE STATEMENT
Title المشاركة المجتمعية في التعليم قبل الجامعي في دولة الكويت :
Remainder of title رؤية مستقبلية /
Statement of responsibility, etc. إعداد مناير محمد سعود عبد العزيز المهدي؛ إشراف د. دينا حسن عبد الشافي، د. دعاء عثمان عزمي.
246 15 - VARYING FORM OF TITLE
Title proper/short title Community participation in the pre-university education in the state of kuwait :
Remainder of title Future vision /
264 #0 - PRODUCTION, PUBLICATION, DISTRIBUTION, MANUFACTURE, AND COPYRIGHT NOTICE
Date of production, publication, distribution, manufacture, or copyright notice 2025.
300 ## - PHYSICAL DESCRIPTION
Extent 148 صفحة :
Other physical details إيضاحيات ؛
Dimensions 25 سم. +
Accompanying material CD.
336 ## - CONTENT TYPE
Content type term text
Source rda content
337 ## - MEDIA TYPE
Media type term Unmediated
Source rdamedia
338 ## - CARRIER TYPE
Carrier type term volume
Source rdacarrier
502 ## - DISSERTATION NOTE
Dissertation note أطروحة (دكتوراه)-جامعة القاهرة، 2025.
504 ## - BIBLIOGRAPHY, ETC. NOTE
Bibliography, etc. note ببليوجرافيا: صفحات 135-148.
520 ## - SUMMARY, ETC.
Summary, etc. هدفت البحث الحالي إلى تعرُّف واقع المشاركة المجتمعية في التعليم قبل الجامعي بالكويت، وأهم معوقات المشاركة المجتمعية، ووضع رؤية مستقبلية لتفعيل المشاركة المجتمعية في التعليم قبل الجامعي من خلال استبانة من إعداد الباحثة طبقتها على عينة تكونت من عدد (306) من مديري مدارس التعليم العام بدولة الكويت، وقد استخدمت الباحثة المنهج الوصفي؛ وذلك لمناسبة هذا المنهج لطبيعة البحث الحالي.وأشارت أهم نتائج البحث إلى ضعف ثقافة المشاركة المجتمعية في التعليم قبل الجامعي بالكويت، وعدم وضوح رسالة التعليم العام عند معظم القيادات المجتمعية، وانخفاض المردود من المشاركة مقارنةً بتكلفتها، وفي ضوء ما توصل إليه البحث تم وضع رؤية مستقبلية لتفعيل المشاركة المجتمعية في التعليم قبل الجامعي.
520 ## - SUMMARY, ETC.
Summary, etc. The present study aimed to examine the reality of community participation in pre-university education in Kuwait, identify the key obstacles to such participation, and propose a future vision to enhance community engagement in pre-university education. To achieve this, the researcher designed a questionnaire and administered it to a sample of 306 public school principals in Kuwait. The study employed a descriptive methodology, as it was deemed appropriate for the nature of the research.The study’s key findings highlighted a weak culture of community participation in pre-university education in Kuwait, a lack of clarity regarding the mission of public education among most community leaders, and a low return on participation compared to its cost. Based on these findings, a future vision was proposed to activate community participation in pre-university education.
530 ## - ADDITIONAL PHYSICAL FORM AVAILABLE NOTE
Issues CD صدر أيضًا كقرص مدمج.
546 ## - LANGUAGE NOTE
Text Language النص بالعربية والملخص باللغة الإنجليزية والعربية.
650 #7 - SUBJECT ADDED ENTRY--TOPICAL TERM
Topical term or geographic name entry element المدارس الثانوية
Geographic subdivision الكويت
Source of heading or term qrmak
653 #0 - INDEX TERM--UNCONTROLLED
Uncontrolled term المشاركة المجتمعية
-- التعليم قبل الجامعي
-- رؤية مستقبلية
700 0# - ADDED ENTRY--PERSONAL NAME
Personal name دينا حسن عبد الشافي
Relator term مشرف أطروحة.
700 0# - ADDED ENTRY--PERSONAL NAME
Personal name دعاء عثمان عزمي
Relator term مشرف أطروحة.
900 ## - Thesis Information
Grant date 03-05-2025
Supervisory body دينا حسن عبد الشافي
-- دعاء عثمان عزمي
Discussion body طلعت عبد الحميد فائق
-- فاروق جعفر عبد الحكيم
Universities جامعة القاهرة
Faculties كلية الدراسات العليا للتربية
Department قسم أصول التربية
905 ## - Cataloger and Reviser Names
Cataloger Name Sara Salah
942 ## - ADDED ENTRY ELEMENTS (KOHA)
Source of classification or shelving scheme Dewey Decimal Classification
Koha item type Thesis
Edition 21
Suppress in OPAC No
المقتنيات
Source of classification or shelving scheme Home library Current library Date acquired Inventory number Full call number Barcode Date last seen Effective from Koha item type
Dewey Decimal Classification المكتبة المركزبة الجديدة - جامعة القاهرة قاعة الرسائل الجامعية - الدور الاول 06.05.2026 33180 Cai01.23.02.Ph.D.2025.من.م 01010100033180000 06.05.2026 06.05.2026 Thesis
Cairo University Libraries Portal Implemented & Customized by: Eng. M. Mohamady Contacts: new-lib@cl.cu.edu.eg | cnul@cl.cu.edu.eg
CUCL logo CNUL logo
© All rights reserved — Cairo University Libraries
CUCL logo
Implemented & Customized by: Eng. M. Mohamady Contact: new-lib@cl.cu.edu.eg © All rights reserved — New Central Library
CNUL logo
Implemented & Customized by: Eng. M. Mohamady Contact: cnul@cl.cu.edu.eg © All rights reserved — Cairo National University Library